| 000 | 00698nam a2200229Ia 4500 | ||
|---|---|---|---|
| 003 | OSt | ||
| 005 | 20220925203949.0 | ||
| 006 | a|||||r|||| 00| 0 | ||
| 007 | ta | ||
| 008 | 220923b |||||||| |||| 00| 0 eng d | ||
| 037 | _cGeneral Book | ||
| 040 |
_aRTL _cRTL _beng |
||
| 041 |
_2eng _aeng |
||
| 082 | _aU211:(G:5), N6 | ||
| 100 |
_aHanks Sharon La Bande _9267438 |
||
| 245 | 0 |
_aEcology and the biosphere _b Principles and problems |
|
| 260 |
_aFlorida _bSt Lucie Press _c1996 |
||
| 300 |
_axxii,215p. Appendix p. 173-77,Glossry p. 179-92 _ccm. |
||
| 650 | _aGeomorphology | ||
| 942 |
_hU211:(G:5), N6 _cGB _2CC |
||
| 999 |
_c548217 _d548217 |
||